Statistics for Guess the SRH Cricketer (IPL).

Click here to take the quiz!

General Stats

  • This quiz has been taken 42 times
  • The average score is 9 of 11

Answer Stats

Answer% Correct
David Warner
98%
Rashid Khan
93%
Kane Williamson
88%
Aiden Markram
85%
Jonny Bairstow
85%
Bhuvneshwar Kumar
83%
Rahul Tripathi
83%
Manish Pandey
80%
Umran Malik
80%
Abhishek Sharma
70%
Marco Jansen
70%

Score Distribution

Percentile by Number Answered

Percent of People with Each Score

Your Score History

You have not taken this quiz